书目信息 |
| 题名: |
一九○○年以来的美国史
|
|
| 作者: | 林克 , Link , 卡顿 , Cotton 著 ;刘绪贻 译 | |
| 分册: | 上册 | |
| 出版信息: | 北京 中国社会科学出版社 1983 |
|
| 页数: | 431页 | |
| 开本: | 21cm | |
| 丛书名: | ||
| 单 册: | ||
| 中图分类: | K712.5 | |
| 科图分类: | ||
| 主题词: | 现代史--美国 | |
| 电子资源: | ||
| ISBN: | ||
| 000 | 01044nam0 2200325 45 | |
| 001 | 0183004232 | |
| 005 | 20040510153351.0 | |
| 010 | @dCNY5.20 | |
| 091 | @aCN@b11190.104 | |
| 100 | @a19950721d1983 em y0chiy0121 ea | |
| 101 | 1 | @achi@ceng |
| 102 | @aCN@b110000 | |
| 105 | @ay z 000yy | |
| 106 | @ar | |
| 200 | 10 | @a一九○○年以来的美国史@h上册@Ayi jiu ling ling nian yi lai de mei guo shi@f(美)阿瑟·林克(A.S.Link),威廉·卡顿(W.B.Cotton)著@g刘绪贻等译 |
| 210 | @a北京@c中国社会科学出版社@d1983 | |
| 215 | @a431页@d21cm | |
| 300 | @a书名原文:America Epoch:A History of the United States Since 1990 | |
| 510 | 1 | @aAmerica Epoch:A History of the United States Since 1990@zeng |
| 606 | @a现代史@y美国 | |
| 607 | @a美国-现代史 | |
| 690 | @aK712.5@v3 | |
| 701 | 1 | @a林克@Alin ke@bA.@4著 |
| 701 | A1 | @aLink@bA.S.@4著 |
| 701 | 1 | @a卡顿@Aka dun@bW.@4著 |
| 701 | A1 | @aCotton@bW.B.@4著 |
| 702 | 0 | @a刘绪贻@Aliu xu yi@4译 |
| 801 | 0 | @aCN@b上海图书馆@c20040510 |
| 801 | 2 | @aCN@bNLC@c20040510 |
| 905 | @f1@b101349@dK712.5@e3:1 | |
| 一九○○年以来的美国史.上册/(美)阿瑟·林克(A.S.Link),威廉·卡顿(W.B.Cotton)著/刘绪贻等译.-北京:中国社会科学出版社,1983 |
| 431页;21cm |
| 书名原文:America Epoch:A History of the United States Since 1990 |
| ISBN :CNY5.20 |
| ● |
| 相关链接 |
|
|
|
|
正题名:一九○○年以来的美国史
索取号:K712.5/3:1
 
预约/预借
| 序号 | 登录号 | 条形码 | 馆藏地/架位号 | 状态 | 备注 |
| 1 | 0101349 | 000589991 | 密集书库/ [索取号:K712.5/3:1] | 在馆 | |
| 2 | 0101350 | 001833653 | 密集书库/ [索取号:K712.5/3:1] | 在馆 | |
| 3 | 0101352 | 001833617 | 密集书库/ [索取号:K712.5/3:1] | 在馆 | |
| 4 | 0101353 | 001413312 | 第二样本阅览室/ [索取号:K712.5/3:1] | 在馆 |